Corporate Logos VI Quiz Stats

Quiz Updated Aug 29, 2017

Also try: Corporate Logos V
Challenge
Share
Tweet
Score 0/30 Timer 06:00
24 Plays Today
Answer % Correct
Google
99.2%
Cartoon Network
93.2%
Pizza Hut
90.4%
National Geographic
84.9%
Snapchat
84.4%
Kodak
77.9%
Beats
73.9%
Suzuki
73.3%
Walgreens
72%
Tommy Hilfiger
71.3%
PBS
68.4%
The New York Times
67.9%
Gucci
67.6%
Caterpillar
64.9%
Enterprise Rent-A-Car
64.5%
Answer % Correct
Java
64.3%
Hardee's
62.7%
Infiniti
62.7%
The Onion
60.6%
Chipotle
59.4%
Crocs
57.5%
Tesla
55.6%
Dos Equis
54.4%
Texas Instruments
50.7%
Blu-ray
47.9%
Goodwill
47.5%
Citgo
36.4%
Nintendo Switch
30.5%
Southwest Airlines
29%
Vineyard Vines
28.8%

You're not logged in!

Compare scores with friends on all Sporcle quizzes.
Sign Up with Email
OR
Log In

You Might Also Like...

Show Comments

Extras

Top Quizzes Today


Score Distribution

Your Account Isn't Verified!

In order to create a playlist on Sporcle, you need to verify the email address you used during registration. Go to your Sporcle Settings to finish the process.